=LDR 00000nam 2200000 4500 =001 INLIS000000000809837 =008 ###################################ind## =035 ##$$a 0010-0825000330 =245 ##$$a Pendidikan Kecakapan Hidup / $c Tim BBED =260 ##$$b Sic =020 ##$$a 9789793299592 =084 ##$$a 370 BBED p =520 ##$$a PENDIDIKAN =082 ##$$a 370